[Event "European Individual Championship - Reyk"]
[Site "Reykjavik, Iceland"]
[Date "2021.08.29"]
[Round "4.1"]
[White "Sarana, Alexey"]
[Black "Antipov, Mikhail Al."]
[Result "1/2-1/2"]
[WhiteElo "2643"]
[BlackElo "2607"]
[PlyCount "132"]
[EventDate "2021.??.??"]

1. d4 Nf6 2. c4 g6 3. Nc3 d5 4. Bf4 Bg7 5. e3 O-O 6. Rc1 Be6 7. c5 Nh5 8. Bg5
b6 9. b4 a5 10. b5 h6 11. Bh4 bxc5 12. dxc5 Nd7 13. Nce2 Bb2 14. Nd4 Qe8 15.
Bd3 Ng7 16. Bg3 Bg4 17. f3 e5 18. Nc6 Bf5 19. Rc2 Ba3 20. e4 Be6 21. Bf2 d4 22.
Ne2 Bxc5 23. Qc1 Bb4+ 24. Nxb4 axb4 25. O-O Bxa2 26. Qxh6 Ra3 27. Qd2 Qa8 28.
Rxc7 Be6 29. Bh4 Rc8 30. Rxc8+ Qxc8 31. Be7 Nc5 32. Bb1 Rc3 33. Qh6 Bc4 34. Bf6
Nce6 35. f4 Bxe2 36. f5 Qc7 37. fxe6 fxe6 38. Re1 d3 39. h3 b3 40. Kh2 Qf7 41.
Bxe5 Rc5 42. Bd6 g5 43. Bxc5 Qc7+ 44. e5 Qxe5+ 45. Kh1 Qxc5 46. Qf6 Qxb5 47.
Qd8+ Qe8 48. Qxg5 Qd7 49. Qh6 Nf5 50. Qg6+ Kh8 51. Qf6+ Kh7 52. Qe5 Qd5 53.
Qxd5 exd5 54. Kg1 d2 55. Kf2 dxe1=Q+ 56. Kxe1 Bc4 57. Bxf5+ Kg7 58. Kd2 Kf6 59.
Bd3 Kg5 60. Bh7 d4 61. g3 Be6 62. h4+ Kg4 63. Kd3 Bf5+ 64. Bxf5+ Kxf5 65. h5
Kg5 66. g4 Kh6 1/2-1/2

[Event "European Individual Championship - Reyk"]
[Site "Reykjavik, Iceland"]
[Date "2021.08.29"]
[Round "4.2"]
[White "Hovhannisyan, Robert"]
[Black "Huschenbeth, Niclas"]
[Result "1-0"]
[WhiteElo "2626"]
[BlackElo "2592"]
[PlyCount "109"]
[EventDate "2021.??.??"]

1. e4 c5 2. Nf3 d6 3. d4 cxd4 4. Nxd4 Nf6 5. Nc3 a6 6. Be2 e5 7. Nb3 Be6 8. f4
Be7 9. f5 Bd7 10. Bg5 Bc6 11. Bxf6 Bxf6 12. Qd3 Bg5 13. Nd2 Nd7 14. Qxd6 h5 15.
Nf3 Be7 16. Qd3 Qa5 17. O-O-O Nf6 18. Kb1 O-O 19. Ng5 b5 20. h4 Rad8 21. Qf3 b4
22. Nd5 Rxd5 23. exd5 Bxd5 24. Rxd5 Qxd5 25. Qxd5 Nxd5 26. Bxh5 Ne3 27. Be2 Rd8
28. g4 a5 29. Bf3 Rd4 30. Re1 Nxg4 31. c3 bxc3 32. bxc3 Rf4 33. Bxg4 Rxg4 34.
Rxe5 Bf8 35. Rxa5 Rxh4 36. a4 Rg4 37. Nf3 g6 38. fxg6 fxg6 39. Ra8 Kg7 40. Nd4
Kf7 41. a5 Rg1+ 42. Kb2 Rg2+ 43. Kb3 Rg1 44. a6 Ra1 45. Nc6 g5 46. a7 Bc5 47.
Kc4 Bf2 48. Rb8 Bxa7 49. Rb7+ Ke6 50. Rxa7 Rxa7 51. Nxa7 g4 52. Nc6 g3 53. Nd4+
Ke5 54. Ne2 g2 55. Kd3 1-0

[Event "European Individual Championship - Reyk"]
[Site "Reykjavik, Iceland"]
[Date "2021.08.29"]
[Round "4.3"]
[White "Gabuzyan, Hovhannes"]
[Black "Piorun, Kacper"]
[Result "1/2-1/2"]
[WhiteElo "2587"]
[BlackElo "2608"]
[PlyCount "186"]
[EventDate "2021.??.??"]

1. e4 e5 2. Nf3 Nc6 3. d4 exd4 4. Nxd4 Nf6 5. Nxc6 bxc6 6. Bd3 d5 7. Nc3 Bb4 8.
Bd2 O-O 9. O-O Rb8 10. a3 Bxc3 11. Bxc3 Nxe4 12. Bxe4 dxe4 13. Re1 Bf5 14. Qc1
Rb5 15. Qe3 a6 16. Qg3 f6 17. Bb4 Rf7 18. c4 Re5 19. Rad1 Rd7 20. Rxd7 Qxd7 21.
Bc3 Re6 22. h3 Rd6 23. Kh2 Kf7 24. Ba5 Rd3 25. Re3 h5 26. b4 Rd1 27. Qxc7 Qxc7+
28. Bxc7 Rc1 29. c5 h4 30. Re2 Ra1 31. Rd2 Rxa3 32. Bf4 Be6 33. Rd6 Bd5 34.
Rd7+ Kg8 35. Ra7 Rb3 36. Rxa6 Rxb4 37. Be3 Rb7 38. Ra8+ Kh7 39. Rf8 Re7 40. Bd4
Be6 41. Be3 Bd7 42. Bd4 Be8 43. Kg1 Re6 44. Kh2 Re7 45. Kg1 Bf7 46. Rd8 Rb7 47.
Kh2 Bc4 48. Rc8 Rd7 49. Be3 Bd5 50. Rf8 Ra7 51. Bd4 Ra2 52. Be3 Ra1 53. Bd4 Re1
54. Be3 Rd1 55. Rd8 g5 56. g3 hxg3+ 57. Kxg3 Kg6 58. h4 gxh4+ 59. Kxh4 Kf5 60.
Kg3 Rg1+ 61. Kh2 Rg6 62. Rh8 Ke5 63. Rh5+ f5 64. Rh4 Rg8 65. Bf4+ Kd4 66. Be3+
Kc4 67. Rh6 f4 68. Bxf4 Kxc5 69. Rh5 Kc4 70. Rg5 Rh8+ 71. Kg3 Rf8 72. Be3 Rf3+
73. Kg2 Rf7 74. Rg3 c5 75. Rg8 Kb4 76. Rd8 Bb7 77. Kf1 c4 78. Ke1 Kb3 79. Rd6
Kc2 80. Rd2+ Kb3 81. Rd6 Rh7 82. Kd2 c3+ 83. Kc1 Rh1+ 84. Rd1 Rh7 85. Rd6 Rc7
86. Rb6+ Kc4 87. Kc2 Bc6 88. Ra6 Kb4 89. Bf4 Rf7 90. Bd6+ Kb5 91. Ra3 Rxf2+ 92.
Kxc3 Rf3+ 93. Kd4 Rd3+ 1/2-1/2

[Event "European Individual Championship - Reyk"]
[Site "Reykjavik, Iceland"]
[Date "2021.08.29"]
[Round "4.4"]
[White "Ivic, Velimir"]
[Black "Navara, David"]
[Result "0-1"]
[WhiteElo "2571"]
[BlackElo "2675"]
[PlyCount "52"]
[EventDate "2021.??.??"]

1. e4 e5 2. Nf3 Nc6 3. Bb5 Nf6 4. d3 Bc5 5. c3 O-O 6. O-O d6 7. Bg5 h6 8. Bh4
a6 9. Bxc6 bxc6 10. d4 exd4 11. cxd4 Ba7 12. Nc3 Bg4 13. Qa4 Bxf3 14. gxf3 g5
15. Bg3 Qd7 16. Rac1 h5 17. h4 gxh4 18. Bxh4 Qh3 19. Bxf6 Kh7 20. Bg5 f6 21.
Qxc6 Rg8 22. Qxc7+ Kh8 23. f4 Bxd4 24. Ne2 fxg5 25. f5 Be5 26. Ng3 h4 0-1

[Event "European Individual Championship - Reyk"]
[Site "Reykjavik, Iceland"]
[Date "2021.08.29"]
[Round "4.5"]
[White "Bluebaum, Matthias"]
[Black "Demchenko, Anton"]
[Result "0-1"]
[WhiteElo "2674"]
[BlackElo "2597"]
[PlyCount "94"]
[EventDate "2021.??.??"]

1. d4 d5 2. c4 dxc4 3. e3 Nf6 4. Bxc4 e6 5. Nf3 c5 6. O-O Nc6 7. Nc3 a6 8. d5
exd5 9. Nxd5 Be7 10. e4 O-O 11. Bf4 Bg4 12. Nxe7+ Qxe7 13. Bd6 Qxe4 14. Bd3 Qb4
15. Bxf8 Rxf8 16. h3 Bh5 17. a3 Qxb2 18. g4 Bg6 19. Bxg6 hxg6 20. Rb1 Qxa3 21.
Rxb7 c4 22. Rc7 Nd8 23. Rxc4 Ne6 24. Ra4 Qc3 25. Qe2 Nd5 26. Nh2 Ndf4 27. Qf3
Nxh3+ 28. Kh1 Qc8 29. Rfa1 Neg5 30. Qg2 Qc5 31. Rf1 Qb5 32. Rfa1 Qc5 33. Rf1
Qb5 34. Rfa1 Re8 35. Ra5 Qb6 36. R5a2 Qb4 37. Rxa6 Re2 38. Qa8+ Kh7 39. R6a2
Re1+ 40. Nf1 Rxa1 41. Rxa1 Nxf2+ 42. Kg2 Nd3 43. Kh1 Qf4 44. Nh2 Ne4 45. Qa2
Ndf2+ 46. Kg2 Qg3+ 47. Kf1 Qxh2 0-1

[Event "European Individual Championship - Reyk"]
[Site "Reykjavik, Iceland"]
[Date "2021.08.29"]
[Round "4.6"]
[White "Mamedov, Nidjat"]
[Black "Nisipeanu, Liviu-Dieter"]
[Result "1/2-1/2"]
[WhiteElo "2595"]
[BlackElo "2671"]
[PlyCount "40"]
[EventDate "2021.??.??"]

1. e4 c5 2. Nf3 e6 3. d4 cxd4 4. Nxd4 Nf6 5. Nc3 Nc6 6. Ndb5 d6 7. Bf4 e5 8.
Bg5 a6 9. Na3 b5 10. Nd5 Be7 11. Bxf6 Bxf6 12. c3 Bg5 13. Nc2 Rb8 14. Be2 O-O
15. O-O Ne7 16. Ncb4 Nxd5 17. Nxd5 Be6 18. Qd3 Kh8 19. Rad1 f5 20. Bf3 g6
1/2-1/2

[Event "European Individual Championship - Reyk"]
[Site "Reykjavik, Iceland"]
[Date "2021.08.29"]
[Round "4.7"]
[White "Mamedov, Rauf"]
[Black "Romanov, Evgeny"]
[Result "1-0"]
[WhiteElo "2654"]
[BlackElo "2594"]
[PlyCount "91"]
[EventDate "2021.??.??"]

1. e4 {[%emt 0:00:09]} e5 {[%emt 0:01:38]} 2. Nf3 {[%emt 0:01:23]} Nc6 {
[%emt 0:00:07]} 3. Bc4 {[%emt 0:00:04]} Nf6 {[%emt 0:00:17]} 4. d3 {[%emt 0:00:
04]} h6 {[%emt 0:00:07]} 5. c3 {[%emt 0:00:03]} d6 {[%emt 0:00:33]} 6. Nbd2 {
[%emt 0:00:29]} g6 {[%emt 0:01:19]} 7. d4 {[%emt 0:10:34]} Bg7 {[%emt 0:02:38]}
8. O-O {[%emt 0:08:04]} O-O {[%emt 0:00:49]} 9. Re1 {[%emt 0:00:48]} exd4 {
[%emt 0:14:44]} 10. cxd4 {[%emt 0:01:35]} d5 {[%emt 0:00:47]} 11. exd5 {
[%emt 0:14:22]} Nxd5 {[%emt 0:00:07]} 12. Nb3 {[%emt 0:12:23]} Bg4 {[%emt 0:12:
16]} 13. Be3 {[%emt 0:08:20]} a5 {[%emt 0:06:10]} 14. Rc1 {[%emt 0:08:09]} Qd6
{[%emt 0:07:43]} 15. h3 {[%emt 0:05:32]} Bxf3 {[%emt 0:02:49]} 16. Qxf3 {
[%emt 0:01:50]} Nxe3 {[%emt 0:03:44]} 17. fxe3 {[%emt 0:00:05]} a4 {[%emt 0:01:
20]} 18. Nd2 {[%emt 0:00:26]} Ne5 {[%emt 0:10:38]} 19. dxe5 {[%emt 0:04:21]}
Qxd2 {[%emt 0:00:11]} 20. Rf1 {[%emt 0:00:11]} Kh8 {[%emt 0:09:42]} 21. Bxf7 {
[%emt 0:00:07]} Bxe5 {[%emt 0:09:09]} 22. Qe4 {[%emt 0:00:10]} Qd6 {[%emt 0:01:
07]} 23. Rcd1 {[%emt 0:06:20]} Qe7 {[%emt 0:00:18]} 24. Bxg6 {[%emt 0:03:40]}
Bd6 {[%emt 0:01:23]} 25. Qxe7 {[%emt 0:07:00]} Bxe7 {[%emt 0:00:02]} 26. Rd7 {
[%emt 0:00:22]} Bg5 {[%emt 0:05:46]} 27. Re1 {[%emt 0:02:00]} Ra6 {[%emt 0:03:
26]} 28. Bc2 {[%emt 0:01:52]} Rb6 {[%emt 0:01:56]} 29. Rh7+ {[%emt 0:00:11]}
Kg8 {[%emt 0:00:03]} 30. Rxc7 {[%emt 0:00:05]} Rf7 {[%emt 0:03:38]} 31. Rc4 {
[%emt 0:04:15]} Rxb2 {[%emt 0:00:30]} 32. Bxa4 {[%emt 0:00:04]} Re7 {[%emt 0:
00:51]} 33. Bb3 {[%emt 0:00:43]} Kh8 {[%emt 0:00:28]} 34. Rc3 {[%emt 0:01:17]}
Rd7 {[%emt 0:00:17]} 35. Rf1 {[%emt 0:00:24]} Rdd2 {[%emt 0:00:38]} 36. Rc8+ {
[%emt 0:00:11]} Kg7 {[%emt 0:00:20]} 37. Rc7+ {[%emt 0:00:05]} Kg6 {[%emt 0:00:
11]} 38. Bf7+ {[%emt 0:00:03]} Kg7 {[%emt 0:00:09]} 39. Bd5+ {[%emt 0:01:27]}
Kg6 {[%emt 0:00:19]} 40. Bf7+ {[%emt 0:00:12]} Kg7 {[%emt 0:00:02]} 41. Bd5+ {
[%emt 0:11:17]} Kg6 {[%emt 0:00:11]} 42. Be4+ {[%emt 0:00:03]} Kh5 {[%emt 0:00:
10]} 43. Rg7 {[%emt 0:00:12]} Rb4 {[%emt 0:22:30]} 44. Rf4 {[%emt 0:08:24]}
Rd1+ {[%emt 0:03:34]} 45. Kf2 {[%emt 0:00:19]} Rd2+ {[%emt 0:00:35]} 46. Kf1 {
[%emt 0:04:41]} 1-0

[Event "European Individual Championship - Reyk"]
[Site "Reykjavik, Iceland"]
[Date "2021.08.29"]
[Round "4.8"]
[White "Parligras, Mircea-Emilian"]
[Black "Saric, Ivan"]
[Result "0-1"]
[WhiteElo "2591"]
[BlackElo "2653"]
[PlyCount "58"]
[EventDate "2021.??.??"]

1. d4 Nf6 2. c4 g6 3. Nc3 Bg7 4. e4 d6 5. h3 e5 6. d5 a5 7. Be3 Na6 8. Nf3 O-O
9. g4 Nd7 10. a3 Nac5 11. Rg1 a4 12. Nd2 Bf6 13. g5 Be7 14. h4 f6 15. gxf6 Nxf6
16. h5 g5 17. Rxg5+ Kh8 18. Rg3 Rg8 19. Rxg8+ Qxg8 20. Bxc5 dxc5 21. Nf3 Bg4
22. Qd3 Rf8 23. Be2 Nxh5 24. Nxe5 Bxe2 25. Nxe2 Qg2 26. Qe3 Qh1+ 27. Kd2 Qxa1
28. Nd3 Qh1 29. f4 Rg8 0-1

[Event "European Individual Championship - Reyk"]
[Site "Reykjavik, Iceland"]
[Date "2021.08.29"]
[Round "4.9"]
[White "Lagarde, Maxime"]
[Black "Nguyen, Thai Dai Van"]
[Result "1-0"]
[WhiteElo "2631"]
[BlackElo "2588"]
[PlyCount "49"]
[EventDate "2021.??.??"]

1. c4 c5 2. Nc3 Nc6 3. g3 g6 4. Bg2 Bg7 5. d3 d6 6. e3 e6 7. Nge2 Nge7 8. O-O
O-O 9. b3 b6 10. Ba3 Bb7 11. d4 Re8 12. Qd2 cxd4 13. Nxd4 d5 14. Nxc6 Bxc6 15.
Rfd1 dxc4 16. Qe2 Qc8 17. Bxc6 Qxc6 18. Rac1 Nd5 19. Qf3 Rac8 20. Ne4 Nc3 21.
Rxc3 Bxc3 22. Rd6 Qa8 23. Qf4 Bg7 24. Rd7 f5 25. Qh6 1-0

[Event "European Individual Championship - Reyk"]
[Site "Reykjavik, Iceland"]
[Date "2021.08.29"]
[Round "4.10"]
[White "Bjerre, Jonas Buhl"]
[Black "Yilmaz, Mustafa"]
[Result "1/2-1/2"]
[WhiteElo "2550"]
[BlackElo "2630"]
[PlyCount "106"]
[EventDate "2021.??.??"]

1. e4 c5 2. Nf3 d6 3. d4 cxd4 4. Nxd4 Nf6 5. Nc3 a6 6. a4 e5 7. Nf3 Be7 8. Bc4
Be6 9. Qe2 Qc7 10. Bb3 Nbd7 11. Bg5 O-O 12. O-O Rac8 13. Rfd1 Rfe8 14. h3 Bc4
15. Bxc4 Qxc4 16. Qxc4 Rxc4 17. Nd2 Rc6 18. a5 h6 19. Bxf6 Nxf6 20. Nf1 b6 21.
Ne3 bxa5 22. Rxa5 Rb8 23. Ncd5 Rb7 24. Rda1 Nxe4 25. Rxa6 Rxa6 26. Rxa6 Bg5 27.
Nc4 Rb5 28. Ra8+ Kh7 29. Ra5 Rxa5 30. Nxa5 Kg6 31. g4 f5 32. f3 Nc5 33. b4 Na4
34. b5 fxg4 35. hxg4 Kf7 36. Kf1 Bd8 37. Nb3 Ke6 38. c4 g6 39. Nd2 Kd7 40. Ne4
Nb2 41. c5 dxc5 42. Nxc5+ Kd6 43. Nb7+ Kxd5 44. Nxd8 Nc4 45. Nf7 h5 46. gxh5
gxh5 47. Kg2 Kc5 48. Kh3 Kxb5 49. Kh4 Kc5 50. Kxh5 Kd5 51. Nxe5 Kxe5 52. Kg4
Nd2 53. Kg5 Nxf3+ 1/2-1/2

[Event "European Individual Championship - Reyk"]
[Site "Reykjavik, Iceland"]
[Date "2021.08.29"]
[Round "4.11"]
[White "Gajewski, Grzegorz"]
[Black "Thybo, Jesper Sondergaard"]
[Result "1-0"]
[WhiteElo "2617"]
[BlackElo "2587"]
[PlyCount "105"]
[EventDate "2021.??.??"]

1. d4 Nf6 2. c4 e6 3. Nf3 d5 4. g3 Be7 5. Bg2 O-O 6. O-O dxc4 7. Qc2 a6 8. a4
Bd7 9. Qxc4 Bc6 10. Bg5 Bd5 11. Qc2 Be4 12. Qd2 h6 13. Bxf6 Bxf6 14. Nc3 Bxf3
15. Bxf3 c6 16. Rfd1 a5 17. h4 Na6 18. e4 e5 19. d5 Qd6 20. Be2 Nb4 21. Bc4 Be7
22. Qe2 Rad8 23. dxc6 Qxc6 24. Nd5 Nxd5 25. Bxd5 Qb6 26. Rd3 Bc5 27. Rb3 Bb4
28. Qh5 Rd6 29. Qxe5 Rf6 30. Rf1 Rc8 31. g4 Rc1 32. Qg3 Rxf1+ 33. Kxf1 Qd4 34.
g5 Qd1+ 35. Kg2 Bd6 36. gxf6 Bxg3 37. Rxg3 g5 38. hxg5 hxg5 39. Rxg5+ Kf8 40.
Rg7 Qd4 41. Rxf7+ Ke8 42. b3 b6 43. Kg3 Qd3+ 44. f3 Qc3 45. Kg4 Qc8+ 46. Kg5
Qh3 47. Re7+ Kf8 48. f4 Qg3+ 49. Kf5 Qh3+ 50. Ke5 Qc3+ 51. Ke6 Qc8+ 52. Kd6 Qc3
53. Kd7 1-0

[Event "European Individual Championship - Reyk"]
[Site "Reykjavik, Iceland"]
[Date "2021.08.29"]
[Round "4.12"]
[White "Erdos, Viktor"]
[Black "Pantsulaia, Levan"]
[Result "1-0"]
[WhiteElo "2614"]
[BlackElo "2564"]
[PlyCount "59"]
[EventDate "2021.??.??"]

1. e4 c6 2. Nf3 d5 3. Nc3 dxe4 4. Nxe4 Nf6 5. Qe2 Nxe4 6. Qxe4 Qd5 7. Qh4 Qe6+
8. Be2 Qg4 9. Qg3 Qxg3 10. hxg3 Bf5 11. b3 Nd7 12. Bb2 h6 13. O-O-O Rg8 14.
Rde1 a5 15. Nd4 Bg6 16. f4 a4 17. Bf3 axb3 18. axb3 O-O-O 19. f5 Bh7 20. g4 Nf6
21. g5 hxg5 22. g4 Rh8 23. Re5 Ng8 24. Ra5 Nh6 25. Bc3 Bg8 26. Kb2 e5 27. fxe6
fxe6 28. Rha1 Be7 29. Ra8+ Kd7 30. R8a7 1-0

[Event "European Individual Championship - Reyk"]
[Site "Reykjavik, Iceland"]
[Date "2021.08.29"]
[Round "4.13"]
[White "Nagy, Gabor"]
[Black "Gretarsson, Hjorvar Steinn"]
[Result "1-0"]
[WhiteElo "2518"]
[BlackElo "2603"]
[PlyCount "113"]
[EventDate "2021.??.??"]

1. d4 Nf6 2. c4 e6 3. Nf3 b6 4. g3 Ba6 5. b3 d5 6. cxd5 exd5 7. Bg2 Bd6 8. O-O
O-O 9. Nc3 Re8 10. Re1 Nbd7 11. Bb2 Bb7 12. Nd2 Ne4 13. Ndxe4 dxe4 14. Qc2 Nf6
15. Nb5 Qd7 16. Nxd6 cxd6 17. e3 Bd5 18. Rec1 h5 19. Ba3 Rad8 20. Qe2 Be6 21.
Rc2 h4 22. Rac1 Bg4 23. Qe1 Nh7 24. gxh4 Bf3 25. Qf1 Qg4 26. Kh1 Re6 27. Bxf3
exf3 28. d5 Re4 29. Qg1 Qxh4 30. Rc8 Nf8 31. Qg3 Rxc8 32. Rxc8 Qh5 33. Qxd6 Kh7
34. Rxf8 Rxe3 35. fxe3 f2 36. Kg2 Qe2 37. Rh8+ Kxh8 38. Qd8+ Kh7 39. Qh4+ Kg8
40. Qxf2 Qg4+ 41. Kf1 Qd1+ 42. Qe1 Qf3+ 43. Kg1 Qg4+ 44. Kf2 Qf5+ 45. Ke2 Qxd5
46. Qd2 Qh5+ 47. Kd3 Qf5+ 48. Kc3 Qe5+ 49. Kc2 Qf5+ 50. Kc1 Qf1+ 51. Kb2 Qf6+
52. Kb1 Qf5+ 53. Qc2 Qf3 54. Bc1 a5 55. a4 Qf1 56. e4 Qg1 57. Ka2 1-0

[Event "European Individual Championship - Reyk"]
[Site "Reykjavik, Iceland"]
[Date "2021.08.29"]
[Round "4.14"]
[White "Stefansson, Hannes"]
[Black "Jones, Gawain C B"]
[Result "1-0"]
[WhiteElo "2519"]
[BlackElo "2684"]
[PlyCount "57"]
[EventDate "2021.??.??"]

1. e4 e5 2. Nf3 Nc6 3. Bb5 a6 4. Ba4 Nf6 5. O-O b5 6. Bb3 Bc5 7. c3 d6 8. d4
Bb6 9. Be3 Bg4 10. dxe5 Nxe5 11. Bxb6 cxb6 12. Nbd2 O-O 13. h3 Nxf3+ 14. Nxf3
Bh5 15. Re1 Re8 16. g4 Bg6 17. e5 Nd7 18. exd6 Rxe1+ 19. Qxe1 Nc5 20. Rd1 Qf6
21. Ne5 Nxb3 22. axb3 Bc2 23. Rd2 Bxb3 24. Qe4 Rf8 25. d7 Be6 26. Nc6 Bxd7 27.
Rxd7 Qh6 28. Kg2 Qc1 29. Qe7 1-0

[Event "European Individual Championship - Reyk"]
[Site "Reykjavik, Iceland"]
[Date "2021.08.29"]
[Round "4.15"]
[White "Sargissian, Gabriel"]
[Black "Steingrimsson, Hedinn"]
[Result "1-0"]
[WhiteElo "2682"]
[BlackElo "2519"]
[PlyCount "127"]
[EventDate "2021.??.??"]

1. d4 d5 2. c4 c6 3. Nf3 Nf6 4. Nc3 e6 5. Bg5 Nbd7 6. e3 Qa5 7. cxd5 Nxd5 8.
Rc1 Nxc3 9. bxc3 Ba3 10. Rc2 b6 11. Bd3 Ba6 12. O-O Bxd3 13. Qxd3 O-O 14. e4
Rfe8 15. Bf4 Rad8 16. Qe2 c5 17. Rd1 b5 18. c4 bxc4 19. Qxc4 Nb6 20. Qe2 Qa4
21. dxc5 Rxd1+ 22. Qxd1 Bxc5 23. Qd3 Qb4 24. g3 Rc8 25. Kg2 h6 26. Ne5 Qa4 27.
h4 Bd4 28. Rxc8+ Nxc8 29. Qc4 Nb6 30. Qxa4 Nxa4 31. Nc6 Bc5 32. Bd2 f5 33. exf5
exf5 34. Be3 Ba3 35. Bd4 a6 36. Kf3 g5 37. hxg5 hxg5 38. g4 fxg4+ 39. Kxg4 Kf7
40. Kf5 Bc5 41. Bxc5 Nxc5 42. f3 Nd3 43. Kxg5 Ke6 44. f4 Kd5 45. Nb8 Nc5 46. f5
a5 47. Kg6 Ne4 48. Nd7 Kc4 49. Ne5+ Kc3 50. Nf3 Kb2 51. Ng5 Nc5 52. a4 Ka3 53.
Kf7 Kxa4 54. Ke8 Nd3 55. f6 Ne5 56. Nf3 Nxf3 57. f7 Nd4 58. f8=Q Nb3 59. Kd7
Kb5 60. Qa3 a4 61. Kd6 Ka5 62. Ke5 Kb5 63. Kd5 Ka5 64. Qe7 1-0

[Event "European Individual Championship - Reyk"]
[Site "Reykjavik, Iceland"]
[Date "2021.08.29"]
[Round "4.16"]
[White "Grandelius, Nils"]
[Black "Ftacnik, Lubomir"]
[Result "1-0"]
[WhiteElo "2666"]
[BlackElo "2513"]
[PlyCount "57"]
[EventDate "2021.??.??"]

1. e4 c5 2. Nf3 d6 3. d4 cxd4 4. Nxd4 Nf6 5. Nc3 e6 6. g4 h6 7. Rg1 Nc6 8. Be3
Bd7 9. Be2 d5 10. exd5 Nxd5 11. Nxd5 exd5 12. Qd2 Bd6 13. O-O-O Bxh2 14. Rh1
Be5 15. Nf3 Qc7 16. Nxe5 Nxe5 17. Kb1 Nxg4 18. Bf4 Qc6 19. Qd4 Nf6 20. Rdg1 Kf8
21. Qb4+ Kg8 22. Bxh6 Ne8 23. Bxg7 Nxg7 24. Qd4 Bg4 25. Rxh8+ Kxh8 26. Rxg4 f6
27. Qf4 Kg8 28. Qh6 Qd7 29. Bf3 1-0

[Event "European Individual Championship - Reyk"]
[Site "Reykjavik, Iceland"]
[Date "2021.08.29"]
[Round "4.17"]
[White "Kozak, Adam"]
[Black "Lupulescu, Constantin"]
[Result "1/2-1/2"]
[WhiteElo "2504"]
[BlackElo "2659"]
[PlyCount "72"]
[EventDate "2021.??.??"]

1. e4 c5 2. Nf3 d6 3. Bb5+ Bd7 4. Bxd7+ Nxd7 5. O-O Ngf6 6. Qe2 e6 7. c3 Be7 8.
d4 O-O 9. Bg5 h6 10. Bh4 cxd4 11. cxd4 d5 12. e5 Ne4 13. Bxe7 Qxe7 14. Nbd2
Nxd2 15. Qxd2 Rac8 16. Qa5 Rc2 17. Qxa7 Rxb2 18. a3 Nb8 19. Rfc1 Re8 20. Rcb1
Nc6 21. Qa4 Rxb1+ 22. Rxb1 Qc7 23. h4 Qa5 24. Qb3 Qa7 25. Qe3 Ra8 26. h5 Qb8
27. g4 Ra4 28. Qb3 Qa7 29. Qxb7 Qxb7 30. Rxb7 Nxd4 31. Nxd4 Rxd4 32. f3 Rd3 33.
Kf2 Rxa3 34. Rb8+ Kh7 35. Rb7 Kg8 36. Rb8+ Kh7 1/2-1/2

[Event "European Individual Championship - Reyk"]
[Site "Reykjavik, Iceland"]
[Date "2021.08.29"]
[Round "4.18"]
[White "Donchenko, Alexander"]
[Black "Blohberger, Felix"]
[Result "1/2-1/2"]
[WhiteElo "2657"]
[BlackElo "2502"]
[PlyCount "76"]
[EventDate "2021.??.??"]

1. c4 Nf6 2. Nf3 b6 3. d4 e6 4. g3 Bb7 5. Bg2 Be7 6. O-O O-O 7. Re1 Na6 8. Nc3
Ne4 9. Ne5 Nxc3 10. bxc3 Bxg2 11. Kxg2 d6 12. Nc6 Qd7 13. Nxe7+ Qxe7 14. e4 Nb8
15. Qg4 Nc6 16. e5 dxe5 17. dxe5 Kh8 18. Re4 f5 19. exf6 Qxf6 20. Be3 e5 21.
Rd1 Rad8 22. Rd5 h6 23. Qh5 Rd6 24. Rh4 Rxd5 25. cxd5 Ne7 26. Qe2 Nxd5 27. Bd2
Nxc3 28. Bxc3 Qc6+ 29. Re4 Qxc3 30. Rc4 Qa5 31. Rxc7 Qd5+ 32. Kg1 Rf7 33. Rc8+
Kh7 34. Qc2+ g6 35. h4 h5 36. Rc6 e4 37. Rc7 Kg8 38. Rxf7 Qxf7 1/2-1/2

[Event "EICC 2021"]
[Site "Reykjavik"]
[Date "2021.08.29"]
[Round "4.19"]
[White "Druska, Juraj"]
[Black "Abasov, Nijat"]
[Result "1/2-1/2"]
[WhiteElo "2493"]
[BlackElo "2656"]
[PlyCount "106"]
[EventDate "2021.08.26"]
[EventType "swiss"]
[EventCountry "ISL"]
[Tiebreak "Cut1 Buchholz"]
[SourceTitle "playchess.com"]
[Source "ChessBase"]
[SourceQuality "1"]

1. e4 c6 2. Nf3 d5 3. d3 g6 4. Nbd2 Bg7 5. d4 dxe4 6. Nxe4 Nf6 7. Nxf6+ exf6 8.
Bc4 O-O 9. O-O a5 10. a4 Re8 11. c3 Be6 12. Bxe6 Rxe6 13. Qb3 Qd7 14. Bd2 Bf8
15. Rfe1 Rxe1+ 16. Rxe1 Na6 17. Qb6 Nb4 18. d5 Nxd5 19. Qd4 b5 20. axb5 cxb5
21. c4 bxc4 22. Qxc4 a4 23. Ra1 Nb6 24. Qh4 Qb5 25. Qd4 Nd5 26. Bc1 f5 27. Ne5
Bg7 28. Qc4 Qxc4 29. Nxc4 Rc8 30. Ne3 Nxe3 31. Bxe3 Rc4 32. Rc1 Rxc1+ 33. Bxc1
Kf8 34. Kf1 Ke7 35. Ke2 Kd6 36. Kd3 Kc5 37. f3 Kb4 38. Kc2 Kc4 39. Be3 Be5 40.
h3 Bxb2 41. Kxb2 Kd3 42. Bh6 Ke2 43. f4 Kf2 44. g4 fxg4 45. hxg4 Kf3 46. g5
Kxf4 47. Ka3 Kf5 48. Kxa4 f6 49. gxf6 Kxf6 50. Kb3 g5 51. Kc3 Kg6 52. Bxg5 h6
53. Bxh6 Kxh6 1/2-1/2

[Event "EICC 2021"]
[Site "Reykjavik"]
[Date "2021.08.29"]
[Round "4.20"]
[White "Martirosyan, Haik M."]
[Black "Quparadze, Giga"]
[Result "1-0"]
[WhiteElo "2632"]
[BlackElo "2476"]
[PlyCount "89"]
[EventDate "2021.08.26"]
[EventType "swiss"]
[EventCountry "ISL"]
[Tiebreak "Cut1 Buchholz"]
[SourceTitle "playchess.com"]
[Source "ChessBase"]
[SourceQuality "1"]

1. d4 Nf6 2. c4 e6 3. Nf3 b6 4. g3 Bb4+ 5. Bd2 c5 6. Bxb4 cxb4 7. Bg2 Bb7 8.
O-O O-O 9. Qd3 a5 10. Nbd2 d6 11. Nh4 Bxg2 12. Nxg2 Qc7 13. e4 e5 14. Ne3 Nc6
15. Nf3 Rfe8 16. dxe5 Nxe5 17. Nxe5 dxe5 18. Rfd1 Qc6 19. Nd5 Nd7 20. Qe3 Nc5
21. Rd2 Rab8 22. b3 Ne6 23. Rad1 Qc5 24. Kg2 h6 25. Qe2 b5 26. Qg4 Kh8 27. cxb5
Nd4 28. Qh5 f5 29. Ne3 f4 30. gxf4 Qxb5 31. f5 Qc6 32. f3 a4 33. Ng4 axb3 34.
axb3 Re7 35. Nxe5 Rxe5 36. Rxd4 Rg8 37. Rd6 Qc3 38. R1d3 Qc2+ 39. Kh3 Qc1 40.
Rd1 Qe3 41. Rd8 Qxb3 42. R1d6 Re7 43. f6 gxf6 44. Rxf6 Rh7 45. Qe5 1-0

[Event "EICC 2021"]
[Site "Reykjavik"]
[Date "2021.08.29"]
[Round "4.21"]
[White "Sebenik, Matej"]
[Black "Banusz, Tamas"]
[Result "0-1"]
[WhiteElo "2492"]
[BlackElo "2631"]
[PlyCount "64"]
[EventDate "2021.08.26"]
[EventType "swiss"]
[EventCountry "ISL"]
[Tiebreak "Cut1 Buchholz"]
[SourceTitle "playchess.com"]
[Source "ChessBase"]
[SourceQuality "1"]

1. d4 Nf6 2. c4 e6 3. Nf3 Bb4+ 4. Bd2 Qe7 5. e3 O-O 6. Bd3 Bxd2+ 7. Qxd2 d5 8.
cxd5 exd5 9. Nc3 b6 10. Ne5 c5 11. O-O Bb7 12. f4 Nc6 13. a3 cxd4 14. exd4 Nxd4
15. Bxh7+ Kxh7 16. Qxd4 Qc5 17. Rfd1 Rac8 18. Qxc5 bxc5 19. Nb5 a6 20. Nd6 Rc7
21. Rac1 Ba8 22. Rd3 Kg8 23. Rb3 d4 24. Rb6 Nd5 25. Rxa6 Nxf4 26. Rf1 Re7 27.
Rxf4 Rxe5 28. Rxf7 Bd5 29. Rxf8+ Kxf8 30. Ra5 d3 31. Nb5 d2 32. Nc3 Re3 0-1

[Event "EICC 2021"]
[Site "Reykjavik"]
[Date "2021.08.29"]
[Round "4.22"]
[White "Gavrilescu, David"]
[Black "Paravyan, David"]
[Result "1/2-1/2"]
[WhiteElo "2477"]
[BlackElo "2631"]
[PlyCount "55"]
[EventDate "2021.08.26"]
[EventType "swiss"]
[EventCountry "ISL"]
[Tiebreak "Cut1 Buchholz"]
[SourceTitle "playchess.com"]
[Source "ChessBase"]
[SourceQuality "1"]

1. e4 c5 2. Nf3 Nc6 3. Bb5 d5 4. exd5 Qxd5 5. Nc3 Qe6+ 6. Qe2 Qxe2+ 7. Kxe2 Bd7
8. Ne4 e6 9. d3 Nf6 10. Nxf6+ gxf6 11. a4 Rc8 12. c3 Rg8 13. g3 h5 14. a5 a6
15. Ba4 Ne5 16. Nxe5 fxe5 17. Be3 Bd6 18. Bxd7+ Kxd7 19. Ra4 Rg4 20. Rxg4 hxg4
21. h4 gxh3 22. Rxh3 f5 23. Rh7+ Kc6 24. c4 Rg8 25. Rh6 Kd7 26. Rh7+ Kc6 27.
Rh6 Kd7 28. Rh7+ 1/2-1/2